000 00516ntaaa2200181 4500
003 01
005 20251027201252.0
008 0714s1973 ag 01
040 _aAR-BaBN
_bspa
_cAR-BaBN
_eaacr
_dRIC
082 _a220.9300 Sa9
100 _aSayce, A. H.
_910842
245 _aHigher Criticism and the verdict of the monuments.
250 _a1 ed. :
_bSociety for Promoting Christian Knowledge,
_cc1915
300 _ax, 607 p.
650 _aArqueología
_95159
650 _aTeología-Alta Crítica
_910843
942 _cBK
999 _c7048
_d7048